000
00222 a2200097 4500
001
55307
100
_a
245
_a
Perwan wind dust motes
260
_a
New york
_b
Oxford University
_c
2007
090
_c
34284
_d
34284
942
_a
NUST-CAE
_c
MONOGRAPH
_c
26985
999
_c
290380
_d
290380